Movies Quiz

Random Movies or Grab Bag Quiz

Clickable Movie Grab Bag III Quiz Stats

 Plays Quiz not verified by Sporcle

Score 0/100 Timer 20:00
0 Plays Today
% Correct
Robin Hood
86.8%
Home Alone
86.5%
The Jungle Book
86.4%
Alice in Wonderland
86.2%
Willy Wonka & the Chocolate Factory
85.9%
Batman
85.8%
Mary Poppins
85.8%
Air Force One
85.7%
Jumanji
85.7%
Cinderella
85.5%
One Hundred and One Dalmatians
85.4%
Apollo 13
85.3%
Peter Pan
84.9%
American Sniper
84.4%
Sleeping Beauty
84.4%
Free Willy
84.4%
Gremlins
84%
Taken
83.8%
Million Dollar Baby
83.6%
The Truman Show
83.5%
Thor
83.5%
American Pie
83.5%
The Green Mile
82.4%
Dumb & Dumber
81.9%
Ghostbusters II
81.7%
American Beauty
81.6%
Tarzan
81.4%
Homeward Bound: The Incredible Journey
81.4%
X-Men: First Class
81.3%
The Karate Kid
81.2%
Indiana Jones and the Last Crusade
80.8%
Black Hawk Down
80.6%
Django Unchained
80.5%
A Knight's Tale
80.2%
% Correct
The Mummy
80.1%
Fantastic Mr. Fox
80.1%
Argo
79%
Mission: Impossible--Ghost Protocol
78.3%
Sherlock Holmes
78%
The Cabin in the Woods
77.9%
Despicable Me
77.2%
The Big Lebowski
77.1%
My Fair Lady
77.1%
The Fighter
76.7%
Lethal Weapon 4
76.3%
Kill Bill: Vol. 1
76.1%
Indiana Jones and the Kingdom of the Crystal Skull
76.1%
Analyze This
75.9%
Indiana Jones and the Temple of Doom
75.7%
Amadeus
75.3%
The Omen
75%
WarGames
75%
Fear and Loathing in Las Vegas
74.9%
The Magnificent Seven
74.8%
Captain America: The First Avenger
74.5%
The Last Samurai
74.1%
Unbreakable
73.7%
The Incredible Hulk
73.4%
This is the End
73%
Hulk
72.9%
The Thing
71.5%
Kill Bill: Vol. 2
70.4%
Minority Report
70.3%
The Fast and the Furious
70.1%
From Dusk Till Dawn
69.7%
Super 8
69.7%
The Grey
69.6%
District 9
69.4%
% Correct
The Royal Tenenbaums
69.2%
Gangs of New York
69%
Short Circuit
68.8%
Up in the Air
68.8%
Get Smart
67.5%
Conspiracy Theory
67%
The Wolverine
66.7%
Public Enemies
66.7%
Looper
66.6%
The Artist
65.2%
Ben-Hur
65.1%
Coraline
64.8%
True Grit
64.3%
The Expendables
64.1%
Dirty Harry
63.3%
Pain & Gain
63%
Fast Five
62.3%
Chicago
62.1%
The Mask of Zorro
61.7%
First Blood
61.1%
Sunset Boulevard
60.7%
Sin City
59.9%
The French Connection
59.3%
Grindhouse
58.5%
Mortal Kombat
58.5%
Maverick
58.4%
Double Indemnity
57.7%
The Girl with the Dragon Tattoo
55.8%
They Live
54.6%
Sinister
51.8%
Seven Psychopaths
48.2%
Duck Soup
47.3%

You're not logged in!

Compare scores with friends on all Sporcle quizzes.
OR
Log In

Sporcle TV

Today on Sporcle TV


Watch our educational content, quiz creation guides, and fun videos on Sporcle TV.

Show Comments

Extras

Top Quizzes Today


Score Distribution

Your Account Isn't Verified!

In order to create a playlist on Sporcle, you need to verify the email address you used during registration. Go to your Sporcle Settings to finish the process.

Report this User

Report this user for behavior that violates our Community Guidelines.

Details: